| 000 | 00436cam a22001457a 4500 | ||
|---|---|---|---|
| 008 | 180718b1958 xxu||||| |||| 00| 0 eng d | ||
| 082 | _aD212x42 H584 | ||
| 100 | _aHinden, Rita | ||
| 245 |
_aNo cheer for Central Africa _cby Rita Hinden |
||
| 260 |
_aLondon _bFabain Commonwealth Bureau _c1958 |
||
| 300 | _a39p. | ||
| 500 | _aFabin Research Series, 197, 3/6 | ||
| 650 | _aU.K. Colonies - Africa | ||
| 650 | _aColonies in Africa, British | ||
| 999 |
_c368199 _d368199 |
||